[Event "Sideways Pawns: Testing Sideways Pawns"]
[Site "SchemingMind.com"]
[Date "2022.07.13"]
[Round "-"]
[White "magier72"]
[Black "Manfred Kraut"]
[Result "1-0"]
[WhiteCountry "GER"]
[BlackCountry "GER"]
[WhiteElo "1626"]
[WhiteRD "273"]
[BlackElo "1292"]
[BlackRD "153"]
[GameID "725164"]

1. e4 c5 2. f4 d5 3. exd5 Qxd5 4. Nc3 Qe6+ 5. e4 Qc6 6. Bb5 Qxb5 7. Nxb5 a6 8. Nc7+ Kd7 9. e2+ Kxc7 10. Bf4+ Kb6
11. Qd8+ Ka7 12. a4
1-0

[Event "Sideways Pawns: Testing Sideways Pawns"]
[Site "SchemingMind.com"]
[Date "2022.07.08"]
[Round "-"]
[White "Manfred Kraut"]
[Black "emakis"]
[Result "0-1"]
[WhiteCountry "GER"]
[BlackCountry "GRE"]
[WhiteElo "1292"]
[WhiteRD "153"]
[BlackElo "1775"]
[BlackRD "131"]
[GameID "725165"]

1. d4 d5 2. Nf3 Nf6 3. e3 Bg4 4. Nbd2 e6 5. Be2 Be7 6. O-O O-O 7. b3 a5 8. Ne5 Bxe2 9. Qxe2 c6 10. Bb2 d6
11. Ng4 Ne4 12. Nxe4 dxe4 13. f3 f5 14. Nf2 exf3 15. Qxf3 d5 16. c4 Nc6 17. cxd5 Qxd5 18. Qxd5 exd5 19. Nd3 Bg5 20. Ne5 Bxe3+
21. Kh1 Nxd4 22. Nd7 Rfd8 23. Nb6 Ra6 24. Bxd4 Bxd4 25. Rad1 Bxb6 26. Rxf5 d4 27. h3 g6 28. Rf2 Bc5 29. Re2 d3 30. Red2 Rad6
31. Kh2 Be3
0-1

[Event "Sideways Pawns: Testing Sideways Pawns"]
[Site "SchemingMind.com"]
[Date "2022.07.11"]
[Round "-"]
[White "emakis"]
[Black "Manfred Kraut"]
[Result "1-0"]
[WhiteCountry "GRE"]
[BlackCountry "GER"]
[WhiteElo "1775"]
[WhiteRD "131"]
[BlackElo "1292"]
[BlackRD "153"]
[GameID "725166"]

1. d4 g6 2. g3 Bg7 3. Bg2 d6 4. Nf3 Nf6 5. O-O O-O 6. c3 Bd7 7. Nbd2 c5 8. d5 Nxd5 9. e4 Nb6 10. Re1 Qc8
11. e5 dxe5 12. Nxe5 Bh3 13. Bh1 Bxe5 14. Rxe5 N8d7 15. Re1 e6 16. Ne4 Nc4 17. Bh6 Re8 18. b3 Qd8 19. bxc4 Ne5 20. d4 cxd4
21. cxd4 Ng4 22. Bg5 Qb6 23. Nf6+ Kg7 24. Nxg4 h5 25. Bf6+ Kh7 26. Ne5 Qc7 27. Be4 Kh6 28. Qd2+ Kh7 29. Rac1 Qb6 30. Rb1 Qa6
31. Rxb7 Rac8 32. Rxf7+ Kg8 33. Qh6
1-0

[Event "Sideways Pawns: Testing Sideways Pawns"]
[Site "SchemingMind.com"]
[Date "2022.07.08"]
[Round "-"]
[White "Manfred Kraut"]
[Black "David Perna-Fraser"]
[Result "0-1"]
[WhiteCountry "GER"]
[BlackCountry "CAN"]
[WhiteElo "1292"]
[WhiteRD "153"]
[BlackElo "1820"]
[BlackRD "199"]
[GameID "725167"]

1. d4 Nf6 2. Nf3 e6 3. e3 d5 4. Bd3 Bd6 5. O-O c5 6. c4 Nc6 7. Nbd2 Qc7 8. b3 cxd4 9. exd4 Ng4 10. c5 Bxh2+
11. Kh1 Bf4 12. Nh4 Bxd2 13. Bxd2 Qh2#
0-1

[Event "Sideways Pawns: Testing Sideways Pawns"]
[Site "SchemingMind.com"]
[Date "2022.07.11"]
[Round "-"]
[White "David Perna-Fraser"]
[Black "Manfred Kraut"]
[Result "1-0"]
[WhiteCountry "CAN"]
[BlackCountry "GER"]
[WhiteElo "1733"]
[WhiteRD "126"]
[BlackElo "1163"]
[BlackRD "131"]
[GameID "725168"]

1. e4 c5 2. Nf3 Nc6 3. d4 cxd4 4. Nxd4 g6 5. Nxc6 bxc6 6. Be2 Bg7 7. Nc3 d6 8. O-O Nf6 9. Bf3 O-O 10. Re1 e6
11. Bg5 Qb6 12. Qxd6 Ba6 13. Na4 Qa5 14. Nc5 Rad8 15. Qxc6 Rc8 16. Qxa6 Qxc5 17. e5 Nd5 18. Bxd5 Qxd5 19. Qd3 Qxd3 20. cxd3 Rc2
21. Rab1 h6 22. Bf4 Rb8 23. Rec1 Rxc1+ 24. Rxc1 Rxb2 25. a3 g5 26. Bg3 h5 27. h3 h4 28. Bh2 a5 29. d4 Bf8 30. f4 Bxa3
31. Rc8+ Kg7 32. fxg5 Kg6 33. Rg8+ Kh7 34. Ra8 Bb4 35. Bf4 Kg6 36. Be3 Rb1+ 37. Kf2 Rb2+ 38. Kf3 Rb3 39. Kf4 Rb2 40. f2 Be1
41. Rg8+ Kh7 42. Rf8 Bxf2 43. Rxf7+ Kg6 44. Rf6+ Kh5 45. Rh6#
1-0

[Event "Sideways Pawns: Testing Sideways Pawns"]
[Site "SchemingMind.com"]
[Date "2022.07.09"]
[Round "-"]
[White "Manfred Kraut"]
[Black "DANDYLIONHONEYBADGER"]
[Result "0-1"]
[WhiteCountry "GER"]
[BlackCountry "USA"]
[WhiteElo "1217"]
[WhiteRD "133"]
[BlackElo "1182"]
[BlackRD "126"]
[GameID "725169"]

1. d4 h6 2. Nf3 f6 3. e3 d6 4. Bd3 a6 5. Bg6+ f7 6. Bh5 Nd7 7. O-O Bg7 8. c4 b6 9. e4 e5 10. dxe5 dxe5
11. Nc3 g6 12. Bg4 Nh6 13. b4 Nxg4 14. h3 Nh6 15. Be3 O-O 16. a4 g5 17. Nh2 Qe7 18. Nd5 Qd6 19. Ng4 c6 20. Ndxf6+ Qxf6
21. Nxf6+ Bxf6 22. Qd6 Re8 23. c5 Re6 24. Qd2 b5 25. axb5 Rxa1 26. Rxa1 f5 27. exf5 Nxf5 28. Bxg5 Bxa1
0-1

[Event "Sideways Pawns: Testing Sideways Pawns"]
[Site "SchemingMind.com"]
[Date "2022.07.13"]
[Round "-"]
[White "DANDYLIONHONEYBADGER"]
[Black "Manfred Kraut"]
[Result "1-0"]
[WhiteCountry "USA"]
[BlackCountry "GER"]
[WhiteElo "1211"]
[WhiteRD "124"]
[BlackElo "1163"]
[BlackRD "131"]
[GameID "725170"]

1. a3 e5 2. b3 d5 3. h3 Nf6 4. f3 Bd6 5. f2 O-O 6. d3 e4 7. Bg5 exf3 8. Nxf3 Nc6 9. c3 a6 10. Bxf6 Qxf6
11. g3 b5 12. Bh3 Bxh3 13. Rxh3 Rfe8 14. e3 Ne5 15. Qxd5 Nxf3+ 16. exf3 Rad8 17. Rxa6 Qg6 18. d3 Re5 19. Qb7 Qf5 20. Ra8 Ree8
21. Rxd8 Rxd8 22. g4 Qf6 23. Nc3 b4 24. Ne4 Qxb2 25. Kd2 c5 26. Nxd6 Qc3+ 27. Ke2 Qxc2+ 28. Kf1 Qxd3+ 29. Kg2 Qxd6 30. Qa7 Qd2
31. Qxc5 b3 32. Qb6 b2 33. Rh1 g6 34. Rb1 Rd6 35. Rxb2 Rxb6 36. Rxd2 h5 37. Rd8+ Kg7 38. g5 Rb2 39. f4 Rb6 40. Rd7 Rb2
41. e4 Rb4 42. d4 Kf8 43. e2 Ke8 44. Rd5 Ke7 45. Re5+ Kd6 46. e3 Rb2+ 47. Kf3 h4 48. e4 Rb8 49. Kg4 Rh8 50. Rd5+ Ke6
51. c4 h3 52. c5 h2 53. Rd6+ Ke5 54. d3 h1=Q 55. f4#
1-0

[Event "Sideways Pawns: Testing Sideways Pawns"]
[Site "SchemingMind.com"]
[Date "2022.07.08"]
[Round "-"]
[White "Manfred Kraut"]
[Black "Thomas Jacob Kelly"]
[Result "0-1"]
[WhiteCountry "GER"]
[BlackCountry "USA"]
[WhiteElo "1292"]
[WhiteRD "153"]
[BlackElo "1813"]
[BlackRD "152"]
[GameID "725171"]

1. d4 c6 2. Nf3 d6 3. e3 Bf5 4. Be2 g6 5. O-O Nf6 6. b3 Nbd7 7. Bb2 Qc7 8. Nbd2 Rg8 9. Nh4 d5 10. Nxf5 gxf5
11. Bd3 Ng4 12. g3 Bh6 13. Bxf5 Nxe3 14. fxe3 Bxe3+ 15. Kh1 Nf6 16. c4 g7 17. c5 Rh8 18. Nf3 Qxg3
0-1

[Event "Sideways Pawns: Testing Sideways Pawns"]
[Site "SchemingMind.com"]
[Date "2022.07.11"]
[Round "-"]
[White "Thomas Jacob Kelly"]
[Black "Manfred Kraut"]
[Result "1-0"]
[WhiteCountry "USA"]
[BlackCountry "GER"]
[WhiteElo "1710"]
[WhiteRD "134"]
[BlackElo "1267"]
[BlackRD "137"]
[GameID "725172"]

1. e3 d5 2. f3 g6 3. d4 Bg7 4. Bf4 Nc6 5. c3 Nf6 6. g3 O-O 7. Nf3 Bg4 8. Be2 Re8 9. O-O Nh5 10. Be3 e5
11. Nxe5 Bxe2 12. Qxe2 Bxe5 13. dxe5 Rxe5 14. Rd1 Qe7 15. Rd3 d4 16. cxd4 Nxd4 17. Rxd4 c5 18. Rd1 Re8 19. Re1 Nf6 20. Nd2 Nd5
21. Nf1 b6 22. Rad1 Nb4 23. b3 Qe6 24. Rd2 f5 25. Qf3 Re7 26. Qa8+ Kf7 27. Bh6 Qf6 28. Qf8+ Ke6 29. Rd6+ Kxd6 30. Qxf6+ R7e6
31. Qd8+ Kc6 32. Bf4 Rxe1 33. Qc7+ Kb5 34. Qxa7 Nc2 35. Qa4#
1-0